Электронные вычислительные машины и системы: учебное пособие

Bibliographic Details
Main Author: Каган Б. М. Борис Моисеевич
Language:Russian
Published: Москва, Энергоатомиздат, 1985
Edition:2-е изд., перераб. и доп.
Subjects:
Format: Book
KOHA link:https://koha.lib.tpu.ru/cgi-bin/koha/opac-detail.pl?biblionumber=34752

MARC

LEADER 00000nam0a2200000 4500
001 34752
005 20231030231241.0
035 |a (RuTPU)RU\TPU\book\35159 
035 |a BOOK00001811 
090 |a 34752 
100 |a 20011210d1985 m y0rusy50 ca 
101 0 |a rus 
102 |a RU 
105 |a y j 000zy 
200 1 |a Электронные вычислительные машины и системы  |e учебное пособие  |f Б. М. Каган 
205 |a 2-е изд., перераб. и доп. 
210 |a Москва  |c Энергоатомиздат  |d 1985 
215 |a 552 с. 
451 1 |0 (RuTPU)RU\TPU\book\35161  |y 5283015319  |t Электронные вычислительные машины и системы  |o учебное пособие  |f Б. М. Каган  |e 3-е изд., перераб. и доп.  |c М.  |n Энергоатомиздат  |d 1991  |p 591 с.  |a Каган, Борис Моисеевич 
610 1 |a ЭВМ 
610 1 |a организация систем 
610 1 |a вычислительные системы 
610 1 |a вычислительные машины 
610 1 |a теория 
610 1 |a учебные пособия 
675 |a 681.3(075.8)  |v 3 
700 1 |a Каган  |b Б. М.  |g Борис Моисеевич 
801 0 |a RU  |b 63413507  |c 20011210  |g PSBO 
801 2 |a RU  |b 63413507  |c 20210114  |g PSBO 
900 |a Организация ЭВМ и систем 
900 |a Спецкурс 73 
900 |a Дискретные устройства и микропроцессоры 
942 |c BK